|
|
|
|
| LEADER |
00886cam a2200181 a 4500 |
| 001 |
AALConferenceProceedingsResearch4Life(SPIE)005377 |
| 008 |
240908c9999 xx r poo 0 0eng d |
| 020 |
|
|
|a 9780892527632
|
| 040 |
|
|
|a BD-DhAAL
|c BD-DhAAL
|
| 245 |
0 |
0 |
|h [electronic resource]
|a Optics, Illumination, and Image Sensing for Machine Vision
|
| 260 |
|
1 |
|b SPIE Digital Library,
|c 1/22/87
|
| 300 |
|
|
|a 1 online resource
|
| 500 |
|
|
|a <strong>On-Campus Access Only (IP based access)</strong>
|
| 506 |
|
|
|a Electronic access restricted to authorized BRAC University faculty, staff and students
|
| 538 |
|
|
|a Mode of access: Internet
|
| 655 |
|
7 |
|a Conference papers and proceedings.
|2 Library of Congress
|
| 700 |
1 |
|
|a Svetkoff, Donald
|
| 856 |
4 |
0 |
|z Full text available on Research4Life (SPIE Digital Library)
|u https://login.research4life.org/tacsgr1www_spiedigitallibrary_org/conference-proceedings-of-spie/0728
|